Normal view
MARC view
Entry Personal Name
001 - CONTROL NUMBER
- control field: 48188
003 - CONTROL NUMBER IDENTIFIER
- control field: ARRUPE
005 - DATE AND TIME OF LATEST TRANSACTION
- control field: 20190920104109.0
008 - FIXED-LENGTH DATA ELEMENTS
- fixed length control field: 190920|| aca||aabn | a|a d
040 ## - CATALOGING SOURCE
- Original cataloging agency: ARRUPE
- Transcribing agency: ARRUPE
100 ## - HEADING--PERSONAL NAME
- Personal name: Mvondo, Peter De-sybel
670 ## - SOURCE DATA FOUND
- Source citation: Work cat.: (ARRUPE): Mvondo, Peter De-sybel, Thomistic practical rationality through the Prism of the Cameroonian law, 2013